| 000 | 00845 a2200205 4500 | ||
|---|---|---|---|
| 003 | Nust | ||
| 005 | 20221202122241.0 | ||
| 010 | _a 89023162 | ||
| 020 | _a0132150883 : | ||
| 040 | _cNust | ||
| 082 | 0 | 0 | _a621.38153,LAL |
| 100 | 1 |
_aLala, Parag K., _9104009 |
|
| 245 | 1 | 0 |
_aDigital system design using programmable logic devices / _cParag K. Lala. |
| 260 |
_aHyderabad _bBS publications _cc1990. |
||
| 300 |
_axii, 286 p. : _bill. ; _c24 cm. |
||
| 505 | _aIntroduction (Page-1), Programmable Read only Memory (Page-21), Field-Programmable Combinational Devices(Page-47), Field-Programmable Logic Sequencers (Page-84), Programmable Array Logic (Page-114), New Generation of Programmable Logic Device (Page-167), Logic Cell Array (Page-242). | ||
| 650 | 0 | _aDigital electronics. | |
| 650 | 0 | _aTelecommunication Engineering | |
| 942 |
_2ddc _cBK |
||
| 999 |
_c182382 _d182382 |
||